000 00324 a2200157 4500
001 178543
020 _a
040 _cMagnum
100 _aCondim, Paulo
240 1 0 _aZito sapeca
_lpor
245 1 0 _aZito sapeca
362 0 _a1899
440 1 _aMelhoramentos
697 _aMAGNITO: I/AVENTURA, CRIANCAS
942 _cBK
999 _c178543
_d178543